Sports Quiz

Random Sports or NHL Quiz

NHL Vezina Trophy Quiz Stats

 Plays Quiz Updated Jun 21, 2019

Score 0/37 Timer 06:00
7 Plays Today
Year Player % Correct
2002-03Martin Brodeur
94.9%
2003-04Martin Brodeur
94.9%
2006-07Martin Brodeur
94.9%
2007-08Martin Brodeur
94.9%
2014-15Carey Price
91.3%
2017-18Pekka Rinne
89.7%
1988-89Patrick Roy
89.3%
1989-90Patrick Roy
89.3%
1991-92Patrick Roy
89.3%
1993-94Dominik Hasek
89%
1994-95Dominik Hasek
89%
1996-97Dominik Hasek
89%
1997-98Dominik Hasek
89%
1998-99Dominik Hasek
89%
2000-01Dominik Hasek
89%
2013-14Tuukka Rask
87.2%
2008-09Tim Thomas
86.8%
2015-16Braden Holtby
85.2%
2011-12Henrik Lundqvist
84.6%
Year Player % Correct
2016-17Sergei Bobrovsky
83.9%
2012-13Sergei Bobrovsky
74.2%
2018-19Andrei Vasilevskiy
65.6%
2001-02Jose Theodore
65.2%
1999-2000Olaf Kolzig
65.1%
2005-06Miikka Kiprusoff
64.1%
1986-87Ron Hextall
61%
1990-91Ed Belfour
60.9%
1992-93Ed Belfour
60.9%
1987-88Grant Fuhr
60.1%
2009-10Ryan Miller
59.9%
2010-11Tim Thomas
52.2%
1981-82Billy Smith
48.2%
1995-96Jim Carey
39.5%
1985-86John Vanbiesbrouck
27.4%
1983-84Tom Barrasso
25%
1984-85Pelle Lindbergh
23.3%
1982-83Pete Peeters
17.6%

You're not logged in!

Compare scores with friends on all Sporcle quizzes.
OR
Log In

Sporcle TV

Today on Sporcle TV


Watch our educational content, quiz creation guides, and fun videos on Sporcle TV.

Show Comments

Extras

Top Quizzes Today


Score Distribution

Your Account Isn't Verified!

In order to create a playlist on Sporcle, you need to verify the email address you used during registration. Go to your Sporcle Settings to finish the process.

Report this User

Report this user for behavior that violates our Community Guidelines.

Details: